000 002970000a22001330004500
003 MACL
040 _aMACL
090 _c39231
_d39229
100 _aGalt, John
245 _aThe Entail or The Lairds of Gippy
260 _bOxford University Press
_c1839
650 _aNovel
942 _cBOOK
_k823/GAL
999 _c38803
_d38803